000 00704pam a2200229 a 4500
001 000015772
005 20200929164140.0
008 860131s1986 nyua b 001 0beng d
020 _a0812912039
040 _aDO-SdBNP
_cDLC
_dDLC
_dBNPHU
082 _aNNNN
_bB513r
100 1 _aBerkow, Ira,
_d1940-
_935500
245 1 0 _aRed :
_ba biography of Red Smith /
_cIra Berkow.
260 _aNew York :
_bTimes Books,
_c1986.
300 _axvii, 302 p. :
_bill. ;
_c24 cm.
504 _aBibliography: p. [292]-294.
500 _aIncludes index.
600 1 0 _aSmith, Red,
_d1905-1982.
_935501
650 0 _aSportswriters
_zUnited States
_xBiography.
_935502
910 _aCatalogación derivada
049 _aBNGR
999 _c15319
_d15319